| 000 | 00372nam a2200133Ia 4500 | ||
|---|---|---|---|
| 008 | 231017s9999 xx 000 0 und d | ||
| 082 | _a625.7 | ||
| 082 | _bROZ | ||
| 245 | 0 | _aPlanning and design of modern round abouts | |
| 245 | 0 | _cBritish Columbia ministry of transportation | |
| 260 | _bBritish Columbia ministry of transportation | ||
| 300 | _c30cm | ||
| 942 | _cREP | ||
| 999 |
_c605779 _d605779 |
||